000 00976nas a2200325 4500
001 BR2013000401
003 BR-BrBNA
005 20231205121814.0
007 ta
008 230509b bl.|||p| |||| 00| 00por d
040 _aBR-BrBNA
_bpor
_cBiblioteca Nacional de Agricultura
041 _a(Pt)
072 _aL72
100 1 _aGonçalves, R.C.
100 1 _aSilva, A.A. da
100 1 _aFerreira, D.O.L.
100 1 _aChiacchio, S.B.
100 1 _aLopes, R.S.
100 1 _aBorges, A.S.
100 1 _aAmorim, R.M.
245 1 _aTristeza parasitária em bovinos na região de Botucatu - SP: estudo retrospectivo de 1986-2007
650 _aBOVINO
650 _aTRISTEZA PARASITÁRIA
650 _aANAPLASMA MARGINALE
650 _aPARASITA
650 _aSÃO PAULO
773 0 _tSemina. Ciências Agrárias (Brazil)
_xISSN 1676-546X
_g(Jan-Mar 2011), v. 32(1) p. 307-312
_wBR2013000401
909 _a202311
_bLúcia
_c55
_dLúcia Elande
942 _2AGRIS
_n0
_cANA
999 _c225333
_d225333